000 00503nam a2200169Ia 4500
999 _c21668
_d21668
003 OSt
005 20200708122641.0
008 190216s9999||||xx |||||||||||||| ||und||
020 _a9789382126133
040 _coclc
082 _a907.2
_bSEN/I
100 _aSenapati, R N
_93665
245 3 _aAn Introduction To Historiography /
_cR N Senapati
260 _bAstha Publishers & Distributers,
_c2013.
_aNew Delhi:
300 _a264p
942 _cBK
_2ddc
_h907.2
_iSEN/I
_k907.2
_mSEN/I